טוען...

Applied statistics: using SPSS, STATISTICA, MATLAB and R

מידע ביבליוגרפי
מחבר ראשי: Sa, Joaquim P Marques de; Author
פורמט: Printed Book
יצא לאור: New York, Springer 2007
מהדורה:2nd ed
נושאים:
LEADER 008480000a22002530004500
020 |a 978-3-540-71971-7 
082 |a 519.502 85 P7 
100 |a Sa, Joaquim P Marques de; Author 
245 |a Applied statistics: using SPSS, STATISTICA, MATLAB and R 
250 |a 2nd ed 
260 |a New York, Springer  |e 2007 
260 |c 2007 
460 |a xxiv,505p 
463 |a CD-ROM 
465 |a EUR59.95 
500 |a Includes bibliographical references and index 
500 |a Joaquim P Marques de Sa 
650 |a MATLAB (Computer file) 
650 |a SPSS (Computer file) 
650 |a STATISTICA (Computer file) 
650 |a Statistics-Data processing 
942 |c BK 
999 |c 39401  |d 39401 
952 |0 0  |1 0  |4 0  |6 519_502000000000000_85_P7  |7 0  |8 ENG  |9 39940  |a MGUL  |b MGUL  |d 2013-07-16  |e EUR59.95  |l 2  |o 519.502 85 P7  |p 38204  |r 2016-03-02  |s 2016-01-27  |w 2013-07-16  |y BK